Statistiques concernant Consommation de thé dans le monde

Cliquez ici pour prendre le quiz!

Statistiques générales

  • Ce quiz a été pris 645 fois
    (641 depuis la dernière actualisation)
  • Le résultat moyen est 9 sur 24

Statistiques - réponses

ConsommationPays% Correct
Entre 1 et 3 kilosRoyaume-Uni
91%
Entre 1 et 3 kilosJapon
84%
Entre 1 et 3 kilosMaroc
71%
Entre 1 et 3 kilosRussie
70%
Plus de 3 kilosIrlande
61%
Entre 1 et 3 kilosBrésil
56%
Entre 1 et 3 kilosTurquie
54%
Plus de 3 kilosArgentine
52%
Entre 1 et 3 kilosIran
50%
Entre 1 et 3 kilosChili
48%
Entre 1 et 3 kilosMongolie
42%
Plus de 3 kilosUruguay
34%
Plus de 3 kilosParaguay
33%
Entre 1 et 3 kilosSyrie
33%
Entre 1 et 3 kilosPologne
29%
Entre 1 et 3 kilosKazakhstan
23%
Entre 1 et 3 kilosEmirats Arabes Unis
19%
Entre 1 et 3 kilosGéorgie
19%
Entre 1 et 3 kilosAzerbaïdjan
18%
Entre 1 et 3 kilosMauritanie
18%
Entre 1 et 3 kilosGuyana
15%
Plus de 3 kilosKoweït
15%
Entre 1 et 3 kilosBotswana
3%
Entre 1 et 3 kilosZimbabwe
3%

Distribution des résultats

Percentile par nombre de réponses

% des personnes avec chaque résultat

Votre développement - résultats

Vous n’avez pas pris ce quiz depuis la dernière actualisation